LEADER 01177nam0 22003131i 450 001 UON00481189 005 20231205105249.271 010 $a978-88-548-6128-2 100 $a20170925d2013 |0itac50 ba 101 $aita 102 $aIT 105 $a|||| 1|||| 200 1 $aFinlandia$eStoria, lingua, cultura$f Paula Loikala 210 $aRoma$cAracne$d2013 215 $a189 p.$d24 cm. 316 $aDono del prof. Tonoli$5IT-UONSI FIUA/0609 606 $aFinlandia$xStoria$3UONC027600$2FI 606 $aLetteratura finlandese$3UONC061870$2FI 620 $aIT$dRoma$3UONL000004 676 $a948.9$cFINLANDIA - STORIA$v21 676 $a894.541$cLetteratura Finlandese$v21 700 1$aLOIKALA$bPaula$3UONV150789$0198267 712 $aAracne$3UONV270475$4650 801 $aIT$bSOL$c20260227$gRICA 899 $aSIBA - SISTEMA BIBLIOTECARIO DI ATENEO E ARCHIVIO STORICO$2UONSI 912 $aUON00481189 950 $aSIBA - SISTEMA BIBLIOTECARIO DI ATENEO E ARCHIVIO STORICO$dSI FIU A 0609 $eSI 23493 7 0609 Dono del prof. Tonoli 996 $aFinlandia$91473749 997 $aUNIOR